Aktuálne otázky malého a stredného podnikania v SR bakalárska práca

Enregistré dans:
Détails bibliographiques
Auteur principal: Lászlová, Diana
Collectivité auteur: Obchodná fakulta EU. Katedra služieb a cestovného ruchu - zrušené
Autres auteurs: Bažó, Ladislav, 1980-
Format: Livre
Langue:slovaque
Publié: Bratislava 2011
Tags: Ajouter un tag
Pas de tags, Soyez le premier à ajouter un tag!

MARC

LEADER 00000nbm a2200000 4500
001 0140488
005 20161109111719.7
041 0 |a slo 
044 |a SK 
245 1 0 |a Aktuálne otázky malého a stredného podnikania v SR  |b bakalárska práca  |c Diana Lászlová ; školiteľ: Ladislav Bažó 
264 1 |a Bratislava  |c 2011 
300 |a 51 s. 
100 1 |a Lászlová, Diana 
700 1 |a Bažó, Ladislav, 1980- 
710 2 |a Obchodná fakulta EU. Katedra služieb a cestovného ruchu - zrušené